000 00366nam a22001577a 4500
003 CEME
005 20210628201951.0
008 210415b xxu||||| |||| 00| 0 eng d
040 _c.
082 _a621.38411 ROD'R
100 _aRoddy, D
_957640
245 _aRadio and line transmission
260 _aOXFORD
_bPERGMAN
_c1972
300 _aVOL-2
942 _cBK
_2ddc
999 _c567909
_d567909